000 01600nam a2200241Ia 4500
003 Ost
005 20260507075355.0
008 260507s9999||||xx |||||||||||||| ||und||
020 _a10509199579
040 _cfsecg
041 _aara
082 _a330
100 _aالزعبي، محمد خالد
_eمؤلف
245 0 _aالضمان الإجتماعي :
_bحماية المسنين بين اقتصاد السوق والعدالة الإجتماعية الأردن نموذجا /
_c محمد خالد الزعبي
260 _aعمان:
_bدار وائل للنشر والتوزيع,
_c2013
300 _a275 صفحة؛
_bإيضاحات ؛
_c25 سم
504 _aالمراجع ص.267
520 _aإدارة المخاطر والضعف الإجتماعي- على من تقع مسؤولية حماية المسنين؟- العمل والتقاعد- الضمان الإجتماعي- هيكلة الضمان الإجتماعي- اقتصاد أنظمة التقاعد- تأثيرات وتأثرات برنامج التقاعد على الإقتصاد والمجتمع- الشيخوخة السكانية والضمان الإجتماعي- الضمان الإجتماعي في الاردن- المركز المالي للمؤسسة- النفقات الإدارية ومشاكل الإدارة- تعديلات قانون الضمان الإجتماعي- مستقبل الضمان الإجتماعي في الاردن- التوصيات
653 _aاقتصاد السوق
653 _aالضمان الإجتماعي
653 _aالعدالة الإجتماعية
942 _cكتاب
999 _c44206
_d44206